MARC

LEADER 00000nam0a2200000 4500
001 274954
005 20231101234758.0
020 |a RU  |b 85-81455 
035 |a (RuTPU)RU\TPU\book\298183 
090 |a 274954 
100 |a 20141111d1985 k y0rusy5003 ca 
101 0 |a rus 
102 |a UZ 
105 |a y z 000zy 
200 1 |a Неклассические задачи математической физики  |f Академия наук Узбекской ССР (АН УзССР), Институт математики им. В. И. Романовского ; под ред. М. С. Салахитдинова 
210 |a Ташкент  |c Фан  |d 1985 
215 |a 227 с. 
606 1 |a Математическая физика  |2 stltpush  |3 (RuTPU)RU\TPU\subj\41221  |9 61028 
610 1 |a задачи 
610 1 |a уравнения гиперболического типа 
610 1 |a решение 
610 1 |a задача Коши 
610 1 |a спектральная теория 
610 1 |a ложные возмущения 
675 |a 53:51  |v 3 
702 1 |a Салахитдинов  |b М. С.  |g Махмуд Салахитдинович  |4 340 
712 0 2 |a Академия наук Узбекской ССР (АН УзССР)  |b Институт математики им. В. И. Романовского  |2 stltpush  |3 (RuTPU)RU\TPU\col\12154 
801 0 |a RU  |b RuMRKP  |c 19950704  |g psbo 
801 1 |a RU  |b 63413507  |c 20141111 
801 2 |a RU  |b 63413507  |c 20170328  |g RCR 
942 |c BK